000 00641nam a2200157Ia 4500
008 260210s9999 xx 000 0 und d
024 _a19B-133-CS, 19B-076-CS, 19B-077-CS, 19B-117-CS, & 18B-123-CS
082 _a005.6072 KHA
100 _aHamza Ahmed Khan, Aliza Shafiq, Aneeqa Fahim, Syed Hamza Qadri, & Syed Owais Ahmed
110 _aDr. Sharaf Hussain
245 0 _aTOWN WATER MANAGEMENT SYSTEM
260 _aKarachi:
_bUITU,
_c2019
600 _aComputer Science
650 _aBachelor of Computer Science (BS)
856 _uhttps://drive.google.com/file/d/1Xg0KUOHq5NQz8vuhy_G1Qb_iDRUWZcIi/view?usp=sharing
_yClick here for PDF
999 _c32522
_d32522